<?xml version="1.0" encoding="UTF-8"?>
<record
    xmlns:xsi="http://www.w3.org/2001/XMLSchema-instance"
    xsi:schemaLocation="http://www.loc.gov/MARC21/slim http://www.loc.gov/standards/marcxml/schema/MARC21slim.xsd"
    xmlns="http://www.loc.gov/MARC21/slim">

  <leader>00991    a2200181   4500</leader>
  <controlfield tag="003">NUST</controlfield>
  <controlfield tag="005">20221202181220.0</controlfield>
  <datafield tag="020" ind1=" " ind2=" ">
    <subfield code="a">8187317086</subfield>
  </datafield>
  <datafield tag="040" ind1=" " ind2=" ">
    <subfield code="c">Nust</subfield>
  </datafield>
  <datafield tag="082" ind1=" " ind2=" ">
    <subfield code="a">020,IYE</subfield>
  </datafield>
  <datafield tag="100" ind1=" " ind2=" ">
    <subfield code="a">Iyer, V.K.</subfield>
    <subfield code="9">104050</subfield>
  </datafield>
  <datafield tag="245" ind1=" " ind2=" ">
    <subfield code="a">Management of library information services /</subfield>
    <subfield code="c">V.K. Iyer</subfield>
  </datafield>
  <datafield tag="260" ind1=" " ind2=" ">
    <subfield code="a">New Delhi</subfield>
    <subfield code="b">Rajat</subfield>
    <subfield code="c">1998</subfield>
  </datafield>
  <datafield tag="300" ind1=" " ind2=" ">
    <subfield code="a">296 p.:</subfield>
  </datafield>
  <datafield tag="505" ind1=" " ind2=" ">
    <subfield code="a">Library And Information Sciences (Page-1), Theories And Practice Of Information Sciences (Page-58), Information Policies And Plans (Page-76),Communication In Libraries And Information Centres (Page-105), Marketing Strategies For Librarians (Page-127), Strategic Marketing For Information Centres (Page-143), Modern Library And Information Centre Management (Page-162), Foundation And Development Of Modern Library (Page-168), Communication Of Information (Page-221), Scientific Management Of Libraries (Page-234), Managing Technical Services (Page-257).</subfield>
  </datafield>
  <datafield tag="650" ind1=" " ind2=" ">
    <subfield code="a">Library management</subfield>
    <subfield code="9">104051</subfield>
  </datafield>
  <datafield tag="942" ind1=" " ind2=" ">
    <subfield code="c">BK</subfield>
    <subfield code="2">ddc</subfield>
    <subfield code="k">020,IYE</subfield>
  </datafield>
  <datafield tag="999" ind1=" " ind2=" ">
    <subfield code="c">174944</subfield>
    <subfield code="d">174944</subfield>
  </datafield>
  <datafield tag="952" ind1=" " ind2=" ">
    <subfield code="0">0</subfield>
    <subfield code="1">0</subfield>
    <subfield code="2">ddc</subfield>
    <subfield code="4">0</subfield>
    <subfield code="7">0</subfield>
    <subfield code="a">MCS</subfield>
    <subfield code="b">MCS</subfield>
    <subfield code="c">GEN</subfield>
    <subfield code="d">2016-12-12</subfield>
    <subfield code="o">020,IYE</subfield>
    <subfield code="p">MCS26986</subfield>
    <subfield code="r">2016-12-08</subfield>
    <subfield code="w">2016-12-12</subfield>
    <subfield code="y">BK</subfield>
    <subfield code="z">Almirah No.46, Shelf No.1</subfield>
  </datafield>
</record>
